Citations de Twilight (QCM) - Statistiques

Statistiques générales
  • Ce quiz a été pris 2 412 fois
  • Le résultat moyen est 6 sur 8
Statistiques - réponses
Question Réponse % Correct
"T’entendre _____ est mon cadeau le plus précieux." respirer
95%
"Maintenant j’ai peur, mais pas de toi, seulement _____." de te perdre
90%
"Jamais le temps à tes côtés ne me paraîtra assez long ; Commençons par _____." l’éternité
89%
"Dans ma famille, on n’est pas comme les autres de notre espèce. On ne chasse _____, on a appris à contrôler notre soif." que les animaux
86%
"J’ai commencé à te haïr au moment ou tu m’as obligé à _____." te désirer
76%
"Il faut apprendre _____ ce qui nous fait du bien." à aimer
67%
"Tu es comme une drogue pour moi, c’est comme si tu étais _____." ma propre marque d’héroïne
67%
"L’enfance est le royaume où _____." personne ne meurt
61%
Aucun quiz correspondant
Distribution des résultats
% des personnes avec chaque résultat
Percentile par nombre de réponses
Votre historique - résultats
Vous n’avez pas pris ce quiz